Načítá se...
Greenwood encyclopedia of women's issues worldwide: central and south America /
| Médium: | Printed Book |
|---|---|
| Vydáno: |
London:
Greenwood Press,
03.
|
| Vydání: | 1 |
| Témata: |
| LEADER | 00558cam a2200169ua 4500 | ||
|---|---|---|---|
| 020 | |a 0-313-32787-4 | ||
| 082 | |a 305.42 |b GRE | ||
| 245 | 0 | 0 | |a Greenwood encyclopedia of women's issues worldwide: central and south America / |
| 250 | |a 1 | ||
| 260 | |a London: |b Greenwood Press, |c 03. | ||
| 300 | |a xi, 517p.. | ||
| 500 | |a Includes index. | ||
| 650 | |a Women-Encyclopaedias | ||
| 650 | 0 | |a Women-South America | |
| 942 | |c REF | ||
| 999 | |c 6720 |d 6720 | ||
| 952 | |0 0 |1 0 |4 0 |6 305_420000000000000_GR |7 0 |9 7055 |a KUCL |b KUCL |d 2014-05-23 |l 0 |o 305.42 GR |p 11912 |r 2017-03-10 |w 2014-05-23 |y REF | ||